| 000 | 01442nam a2200385 i 4500 | ||
|---|---|---|---|
| 001 | bg | ||
| 003 | KOSZ 005 | ||
| 005 | 20190724101644.0 | ||
| 008 | 051107s2005 pl a f |000 0 pol | ||
| 015 | _aPB 2005/21581 | ||
| 020 | _a8302094021 | ||
| 035 | _a(OCoLC)749737032 | ||
| 040 |
_aWA N _cKOSZ 005/HR _dKOSZ 005/HR |
||
| 080 | _a69:657.47 | ||
| 080 | _a69:006.3/.6 | ||
| 080 | _a(075.3.053.7) | ||
| 100 | 1 | _aKowalczyk, Zdzisław. | |
| 245 | 1 | 0 |
_aKosztorysowanie i normowanie w budownictwie / _cZdzisław Kowalczyk, Jacek Zabielski. |
| 260 |
_aWarszawa : _bWydawnictwa Szkolne i Pedagogiczne, _c2005. |
||
| 300 |
_a349 s., [2] k. tabl. złoż. luz. : _brys. ; _c24 cm. |
||
| 380 | _aKsiążki. | ||
| 500 | _aNa okł. podtyt.: podręcznik. | ||
| 504 | _aBibliogr., wykaz aktów prawnych s. 297-298. | ||
| 521 | 8 | _aDo nauczania zawodu technik budownictwa na poziomie technikum. | |
| 650 | 4 |
_aBudownictwo _xceny. |
|
| 650 | 4 |
_aBudownictwo _xkoszty _xrachunkowość |
|
| 650 | 4 |
_aBudownictwo _xpłace. |
|
| 650 | 4 |
_aBudownictwo _xpraca _xorganizacja. |
|
| 650 | 4 |
_aNormowanie pracy _xbudownictwo. |
|
| 655 | 4 | _aPodręczniki dla szkół zawodowych | |
| 700 | 1 | _aZabielski, Jacek. | |
| 710 | 2 |
_aWydawnictwa Szkolne i Pedagogiczne. _4pbl. |
|
| 856 |
_uhttp://koha.tu.koszalin.pl/cgi-bin/koha/opac-detail.pl?biblionumber=51966 _yKatalog online BPK |
||
| 942 |
_2UKD _cKS |
||
| 999 |
_c51966 _d51966 |
||